000 00951nam a2200229 a 4500
999 _c8727
_d8727
001 8727
003 BD-JhCC
005 20180529115132.0
008 180301s19781992 a|||| |a 000 0 d
035 _a(BD-JhCC)8727
040 _aBD-JhCC
_dBD-JhCC
041 _aben
082 _a591
_bMIY 1978
100 _a মিঞা, মো: আবদুল মমিন
245 _aউচ্চ মাধ্যমিক প্রাণিবিজ্ঞান :
_bপ্রাণী শারীরবৃত্তি ও মানবদেহ সম্বলিত /
_cমো: আবদুল মমিন মিঞা ও মাহমুদ জাহাঙ্গীর হাসান.
260 _aঢাকা :
_bআইডিয়াল লাইব্রেরী;
_c1978.
300 _a806 p. :
_c20 cm.
651 _aZoology.
700 _aহাসান,মাহমুদ জাহাঙ্গীর .
942 _2lcc
_cBK